[Event "Ponteareas U2200 op 1st"]
[Site "Ponteareas"]
[Date "2019.03.02"]
[Round "3.3"]
[White "Fernandez de Armas, Luis"]
[Black "Rama Hombreiro, Anton"]
[Result "1-0"]
[WhiteElo "2036"]
[BlackElo "1442"]
[PlyCount "75"]
[EventDate "2019.03.02"]
[EventType "swiss"]
[EventRounds "5"]
[EventCountry "ESP"]
[SourceTitle "EXT 2024"]
[Source "ChessBase"]
[SourceDate "2023.10.10"]
[SourceVersion "1"]
[SourceVersionDate "2023.10.10"]
[SourceQuality "1"]

1. c4 c5 2. g3 g6 3. Bg2 Nc6 4. e3 e6 5. Nc3 Bg7 6. Nge2 Nge7 7. 0-0 d5 8. cxd5 exd5 9. d4 Bg4 10. Qb3 Qb6 11. Nf4 cxd4 12. Ncxd5 Qxb3 13. axb3 Nxd5 14. Nxd5 0-0 15. exd4 Bxd4 16. Ra4 Rac8 17. Bh6 Rfe8 18. Rxd4 Nxd4 19. Nf6+ Kh8 20. Nxg4 Rc2 21. Rd1 Rd8 22. Kf1 b6 23. Bg5 Re8 24. Bf6+ Kg8 25. Bxd4 Rd8 26. Nh6+ Kf8 27. Bc5+ Rxc5 28. Rxd8+ Ke7 29. Rd5 Rc1+ 30. Ke2 Rc2+ 31. Rd2 Rc5 32. Ng4 f5 33. Ne3 Re5 34. Rd5 Re6 35. f4 Kf6 36. Rd7 h6 37. Bd5 Re8 38. Rf7# 1-0

[Event "Mondariz op U2300 9th"]
[Site "Mondariz"]
[Date "2012.04.06"]
[Round "7"]
[White "Fernandez de Armas, Luis"]
[Black "Diaz Velandia, Jose Manuel"]
[Result "0-1"]
[WhiteElo "2006"]
[BlackElo "2212"]
[PlyCount "76"]
[EventDate "2012.03.31"]
[EventType "swiss"]
[EventRounds "8"]
[EventCountry "ESP"]
[SourceTitle "CBM 147 Extra"]
[Source "ChessBase"]
[SourceDate "2012.04.24"]
[SourceVersion "1"]
[SourceVersionDate "2012.04.24"]
[SourceQuality "1"]

1. c4 e6 2. g3 Nf6 3. Bg2 d5 4. Nf3 c6 5. b3 Nbd7 6. Bb2 Bd6 7. d4 Ne4 8. 0-0 0-0 9. Nbd2 f5 10. Ne5 Nxe5 11. dxe5 Bc5 12. e3 b5 13. cxb5 cxb5 14. Rc1 Qb6 15. Nxe4 dxe4 16. Qc2 Bb4 17. a3 Be7 18. Rfd1 Rd8 19. Bd4 Qb8 20. Bc5 Rxd1+ 21. Qxd1 Qb7 22. Bxe7 Qxe7 23. Qd6 Qxd6 24. exd6 Bd7 25. Rc7 Rd8 26. Rxa7 Bc6 27. Bf1 Rxd6 28. Kg2 Kf8 29. h4 Be8 30. Rb7 Bh5 31. g4 Bxg4 32. Bxb5 Rd1 33. Bc4 e5 34. Rf7+ Ke8 35. Rb7 f4 36. exf4 exf4 37. f3 Bxf3+ 38. Kf2 Rd2+ 0-1

[Event "Mondariz op 4th"]
[Site "Mondariz"]
[Date "2006.08.26"]
[Round "5.5"]
[White "Paunovic, Dragan"]
[Black "Fernandez de Armas, Luis"]
[Result "1-0"]
[WhiteElo "2506"]
[BlackElo "2089"]
[PlyCount "57"]
[EventDate "2006.08.22"]
[EventType "swiss"]
[EventRounds "9"]
[EventCountry "ESP"]
[SourceTitle "EXT 2007"]
[Source "ChessBase"]
[SourceDate "2006.11.23"]
[SourceVersion "1"]
[SourceVersionDate "2006.11.23"]
[SourceQuality "1"]

1. c4 d6 2. g3 e5 3. Bg2 f5 4. Nc3 Nf6 5. d3 Be7 6. e4 c6 7. Nge2 0-0 8. 0-0 Kh8 9. exf5 Bxf5 10. d4 e4 11. d5 Nbd7 12. dxc6 bxc6 13. Nd4 Bg4 14. Qc2 Qb6 15. Be3 c5 16. Nde2 Ne5 17. Nxe4 Nxe4 18. Bxe4 Rab8 19. b3 Nf3+ 20. Kg2 Bg5 21. h4 Bxe3 22. fxe3 Ne5 23. Nf4 Rbe8 24. Bxh7 Qb7+ 25. Be4 Bf5 26. Bxb7 Bxc2 27. e4 Rf6 28. Rac1 Ng4 29. Rfe1 1-0